000 02801nam a22003974a 4500
005 20090618155617.0
008 071005s2008 ctu b 001 0 eng
010 _aENG-94107
020 _a9780195699456
_c695.00
020 _a0195699459
_c695.00
035 _aEN-77640
035 _aB-360905-911
037 _bDBAD / PUB
037 _bUppal Book Store
040 _adpl
_bEnglish
082 _a954.93032
100 _aPeiris, G.H.
245 _aTwilight of the tigers:
_bpeace efforts and power struggles in Sri Lanka /
_cby G.H. Peiris
260 _aNew Delhi
_bOxford University Press
_c2009
270 _aYMCA Library Building, Jai Singh Road,
_bNew Delhi
_e110001
300 _axvii, 297p.
_c25cm(Hb)
504 _aIncludes references and index
651 _aSri Lanka
_xHistory
_yCivil War, 1983
651 _aSri Lanka
_xHistory
_xArmistices
_yCivil War, 1983
651 _aSri Lanka
_xPolitics and government
_y1978-
942 _2ddc
_cEN
_mPEI
_h954.93032
999 _c27610
_d27610